[Event "Kharkov Rector Cup 3rd"]
[Site "Kharkov"]
[Date "2001.04.20"]
[Round "3"]
[White "Zubarev, Alexander2"]
[Black "Ponomariov, Ruslan"]
[Result "0-1"]
[WhiteElo "2460"]
[BlackElo "2673"]
[Annotator "Hecht,H"]
[PlyCount "128"]
[EventDate "2001.04.18"]
[EventType "tourn"]
[EventRounds "10"]
[EventCountry "UKR"]
[EventCategory "13"]
[SourceTitle "CBM 083"]
[Source "ChessBase"]
[SourceDate "2001.07.05"]
[SourceVersion "1"]
[SourceVersionDate "2001.07.05"]
[SourceQuality "1"]

1. c4 Nf6 2. Nc3 g6 3. g3 Bg7 4. Bg2 O-O 5. Nf3 d6 6. O-O a6 7. d4 Nc6 8. h3
Bd7 9. Be3 Rb8 10. a4 a5 11. Qd2 e5 12. Rfd1 Bf5 13. Rac1 Ne4 14. Nxe4 Bxe4 15.
dxe5 dxe5 16. Bc5 Qxd2 17. Nxd2 Bxg2 18. Bxf8 Bxh3 19. Bxg7 Kxg7 20. f3 Nd4 21.
Kf2 Bd7 22. b3 Bc6 23. c5 Ra8 24. e3 Ne6 25. f4 exf4 26. exf4 g5 27. f5 Nd4 28.
g4 Re8 29. Re1 Rd8 30. Red1 Rd5 31. Nc4 Nxb3 32. Rxd5 Bxd5 33. Rc2 Bc6 34. Ra2
Kf6 35. Ke3 Nxc5 36. Nxa5 Bd5 37. Rh2 Nxa4 38. Rxh7 c5 39. Kd3 b5 40. Rh6+ Ke5
41. Ke3 Nb2 42. Rb6 b4 43. Rb8 Nd1+ 44. Ke2 Nc3+ 45. Ke3 Kd6 46. Kd3 Ne4 47.
Rd8+ Ke5 48. Nc4+ Bxc4+ 49. Kxc4 {[#] Aktive schwarze Figuren mit Freibauern
dominieren den Turm. Taktik!} Kf4 50. Kd5 b3 (50... Nc3+ 51. Kc4 (51. Kxc5 b3
52. Rb8 b2 53. Rxb2 Na4+ $19) 51... Kxg4 52. Rf8 Ne4 53. Kd5 Nf6+ 54. Kc4 Kxf5
55. Rxf7 Ke6 56. Rg7 Ne4 57. Rg8 {scheint mir nicht ganz klar zu sein.}) 51.
Rb8 Nf6+ 52. Kc4 Nxg4 53. Rxb3 Nf2 $6 (53... Ne3+ $142 54. Kxc5 g4 55. Kd4
Nxf5+ 56. Kd3 g3 57. Rb1 g2 58. Ke2 Kg3 $19) 54. Kxc5 g4 55. Kd6 Ne4+ (55...
Kxf5 56. Ke7 f6 57. Rb5+ Kg6 58. Ke6 Nh3 59. Rb4 f5 60. Ke5 Nf2 61. Rb8 $15)
56. Kd5 $6 (56. Ke7 $5 f6 57. Rb5 g3 58. Ke6 g2 59. Rb1 Kf3 60. Re1 Kf2 (60...
Ng3 61. Rg1 Nh5 62. Kf7 Kf2 63. Ra1 $11 (63. Rxg2+ Kxg2 64. Kg6 Kf3 65. Kxh5
Kf4 66. Kg6 Ke5 $19)) 61. Rxe4 g1=Q 62. Kxf6 Kg3 $19) 56... Ng5 57. f6 g3 58.
Rb4+ Kf3 59. Rb3+ Kg4 60. Rb4+ Kh3 61. Rb3 Kh2 62. Ke5 g2 63. Rb2 Kh1 64. Kf5
g1=Q 0-1

[Event "Kharkov Rector Cup 3rd"]
[Site "Kharkov"]
[Date "2001.04.24"]
[Round "9"]
[White "Eljanov, Pavel"]
[Black "Ponomariov, Ruslan"]
[Result "0-1"]
[WhiteElo "2558"]
[BlackElo "2673"]
[Annotator "Tsesarsky,I"]
[PlyCount "92"]
[EventDate "2001.04.18"]
[EventType "tourn"]
[EventRounds "10"]
[EventCountry "UKR"]
[EventCategory "13"]
[SourceTitle "CBM 083"]
[Source "ChessBase"]
[SourceDate "2001.07.05"]
[SourceVersion "1"]
[SourceVersionDate "2001.07.05"]
[SourceQuality "1"]

1. d4 Nf6 2. Nf3 d6 3. c4 g6 4. Nc3 Bg7 5. e4 O-O 6. Be2 e5 7. O-O Nc6 8. d5
Ne7 9. b4 a5 10. Ba3 b6 (10... axb4 11. Bxb4 b6 12. a4 Re8 {Exactly this
position will be created in this game after 13-th Black's move.} 13. Re1 (13.
Ne1 Bb7 14. Nc2 c5 15. Ba3 Rf8 16. Bb2 Bc8 17. Ra3 Bd7 18. Qd3 Ne8 19. Nb5 f5
20. f3 $132 {0-1 Janssen,R-Golubev,M/Dieren 1999/CBM 71 ext (36)}) (13. Ra2 h6
14. a5 c5 15. dxc6 Nxc6 16. Bxd6 Rxa5 $11 (16... Nd4 17. Nxd4 exd4 18. Nb5 Nxe4
19. Bc7 Qe7 20. Bxb6 Nc3 21. Nxc3 dxc3 22. Bf3 $16 {1-0 Skalik,P-Antoniewski,R/
Lubniewice 1998/EXT 2000 (42)})) 13... Bf8 14. h3 Bd7 15. Bf1 h6 16. Nb5 Nc8
17. Qc2 Bg7 18. a5 c5 19. dxc6 Bxc6 20. a6 Nd7 21. Ra3 (21. Nxd6 Nxd6 22. Bxd6
Qc8 23. c5 $16) 21... Nc5 22. Bxc5 dxc5 23. Nd2 Re7 24. Nb1 Rd7 25. N1c3 $14 {
1-0 Epishin,V-Lanka,Z/Koszalin 1999/CBM 73 (46)}) 11. bxa5 Rxa5 12. Bb4 Ra8 13.
a4 Re8 {This position can be created with another moves order - see comments
to the 10-th Black's move above.} 14. Re1 (14. Nd2 c5 15. Ba3 (15. dxc6 Nxc6
16. Ba3 Nd4 17. Nb5 Nxb5 18. axb5 Bh6 19. Re1 Bb7 20. Bd3 Nd7 21. Nb1 Nc5 22.
Nc3 {1/2-1/2 Gustafsson,J-Joachim,S/Luebeck GER 2001/The Week in Chess 338 (22)
}) 15... Rf8 16. Nb3 Ne8 17. Bc1 f5 18. Bd2 Nf6 19. f3 Kh8 20. Ra2 {1/2-1/2 Xu
Jun-Ye Jiangchuan/Beijing 2000/CBM 78 (20)}) (14. a5 $6 c5 15. dxc6 Nxc6 16.
Bxd6 Rxa5 $11 {1-0 Radjabov,T-Tihonov,J/Minsk 2000/EXT 2001 (36)}) (14. Ne1 {
- see comments to the 10-th move above.}) 14... Bf8 {[%cal Gc7c5] Protecting
Pd6 and preparing c7-c5.} 15. Bf1 (15. h3 Bb7 (15... Bd7 {-see comments to the
game Epishin-Lanka above - 10-th move.}) 16. Bf1 c5 17. Ba3 Bc8 18. Nb5 Bg7 19.
Bb2 Rf8 20. Ra3 $14 {White recieved well-known type of position with slight
advantage. 1/2-1/2 Kasimdzhanov,R-Ye Jiangchuan/Istanbul 2000/EXT 2001 (65)}) (
{I can recommend the next plan:} 15. g3 $5 c5 16. Ba3 Bh6 17. Nh4 $14 {with
further Bb2, Ra3 - preventing f7-f5 and Ne7 appearance on f5-d4 square - +/=.})
15... c5 16. Ba3 ({Here worse is} 16. dxc6 Nxc6 17. Ba3 {[%csl Ra4,Rb6,Rc4,Rd6]
because PPb6 and d6 weaknesses are compensated by PPa4 and c4 weaknesses.} Bg4
18. h3 Bxf3 19. Qxf3 Nd4 20. Qd1 Nd7 21. Rb1 (21. Bb2 Nc5 22. Nd5 Bg7 $132 {
[%csl Gc5,Gd4] 1/2-1/2 Ostojic,N-Djukic,N/Herceg Novi YUG 2001/The Week in
Chess 335 (26)}) 21... Nc5 22. Bc1 Bg7 $132 {1-0 Van Wely,L-Golubev,M/Dieren
1999/CBM 71 ext (41)}) 16... Bh6 17. Bb2 Rf8 {Black wants to realise his plan
- f7-f5 promotion.} 18. g3 (18. Ra3 Nh5 19. g3 f5 20. exf5 Nxf5 {[%cal Gf5d4]}
(20... gxf5 21. Nxe5 $18) (20... Bxf5 21. Nd2 $14) 21. Bg2 (21. g4 Nh4 22. Nxh4
Qxh4 23. gxh5 Rxf2 $19) 21... Nf6 22. Nb5 Nd4 $132) 18... Ne8 19. Nb5 f5 $132
20. exf5 Nxf5 {[%cal Gf5d4]} 21. Bg2 Nf6 22. Nd2 Nd4 23. Bxd4 (23. Nxd4 $143
cxd4 24. Ne4 Ba6 25. Bc1 Nxe4 26. Bxe4 Bxc1 27. Rxc1 Rf7 $15 {[%csl Ra4,Rc4]})
23... cxd4 24. Ne4 Nxe4 25. Bxe4 Rf6 26. Ra2 ({Worth of attention} 26. Ra3 $5
Bd7 (26... Bh3 27. g4 {[%csl Rh3][%cal Ga3h3]} Rxf2 28. Kxf2 Qh4+ 29. Kg1 $18)
27. Qd3 $132) 26... Bh3 27. Bg2 Qd7 28. Bxh3 Qxh3 29. Nc7 Rc8 30. Ne6 Rf5 (
30... Rxc4 31. Qb3 Rc8 32. Qxb6 $14) 31. Rf1 $5 ({Also for draw is enough} 31.
Qb3 $5 Bf4 $1 (31... Rh5 32. f3 Be3+ (32... Rb8 33. Qb4 {[%csl Rd6][%cal Gb4d6]
} Be3+ 34. Rxe3 dxe3 35. Qxd6 $18) 33. Rxe3 dxe3 34. Qxb6 $16) 32. Rb1 $1 {
after this very strong move draw by force:} ({another continuations are much
worse, for example:} 32. Qxb6 $4 Rh5 33. f3 (33. gxf4 Qxh2+ 34. Kf1 d3 $1 $19 {
[%csl Rf1]}) 33... Bxg3 34. Ree2 Bxh2+ 35. Rxh2 Qg3+ 36. Kf1 Rf8 $1 $19 (36...
Rxh2 37. Rxh2 Qxh2 38. Qb7 $11) 37. Nxf8 Qxf3+ 38. Ke1 Qe3+ 39. Kd1 (39. Kf1
Qc1+ 40. Kg2 Rg5+ 41. Kh3 Qe3+ $19) 39... Qg1+ $19) ({Or} 32. Rb2 $4 Rh5 33.
gxf4 Qxh2+ 34. Kf1 Rh3 $1 $19) ({Or} 32. Ra3 $4 Bd2 33. Rd1 Rh5 34. Rxd2 Qxh2+
35. Kf1 Qh1+ 36. Ke2 Qe4+ $19) 32... Rh5 33. gxf4 Qxh2+ 34. Kf1 Rh3 35. f3 Qh1+
36. Kf2 Rh2+ (36... Qh2+ 37. Kf1 Qh1+ $11) 37. Kg3 Rh3+ 38. Kf2 $11) 31... Rxc4
32. Qb3 Rh5 {In view of previous move comments - we can imagine Black's Attack
is danger - but White has enough resourses for successful defence.} 33. f4 $8
Rc3 $5 34. Qb5 $1 (34. Qxb6 $5 Rxg3+ {[%csl Rf1]} 35. hxg3 Qh1+ 36. Kf2 Rh2+
37. Ke1 Qe4+ 38. Kd1 Qd3+ 39. Ke1 $11) 34... Rf5 ({Badly is} 34... Rxg3+ 35.
hxg3 Qxg3+ 36. Rg2 Qe3+ 37. Rff2 Qc1+ 38. Qf1 $16) ({Or} 34... Bf8 35. fxe5 {
[%csl Rf8][%cal Gf1f8]} Rf5 36. Nf4 $16) 35. a5 $5 $44 ({Dead draw after} 35.
Qxb6 $5 exf4 (35... Bf8 36. Raf2 $16) 36. Qd8+ Kf7 37. Rb1 Rxg3+ 38. hxg3 (38.
Kh1 Rb3 $19) 38... Qxg3+ $11) 35... bxa5 36. Rb2 $4 {Decisive mistake, now
Black wins by force very easily because of material advantage.} ({Right was} 
36. Qxa5 $5 exf4 37. Qd8+ Bf8 38. Nxf4 Qh6 (38... Rxf4 39. gxf4 Rf3 40. Rxf3
Qxf3 $44) 39. Raf2 {[%csl Rf8][%cal Gg3g4,Gf4e6]} d3 (39... Rf7 40. Ne6 $18)
40. g4 (40. Ne6 Rxf2 41. Rxf2 Rc1+ 42. Kg2 Rc2 $1 43. Qf6 Rxf2+ 44. Qxf2 d2 45.
Qd4 $11 {[%csl Rd2][%cal Ge6f4,Gd4d2]}) 40... Rf7 41. g5 Qh4 42. Ne6 Qg4+ 43.
Kh1 (43. Rg2 Rxf1+ $19) 43... Qe4+ 44. Kg1 $11) (36. Rxa5 $4 Rxg3+ $19) 36...
exf4 37. Qe8+ Bf8 38. Nxd4 (38. Nxf4 Qh6 $1 $19 {[%csl Ga5,Gd4]}) 38... Re3 (
38... Rf6 39. Ne6 f3 $19) 39. Qc8 (39. Ne6 f3 $19 (39... fxg3 $4 40. Qxf8+ $18)
) 39... fxg3 40. Nxf5 gxh2+ 41. Rxh2 Rg3+ 42. Nxg3 Qxc8 43. Re2 Bg7 44. Re6
Qc5+ 45. Kh2 Be5 46. Re8+ Kg7 0-1

[Event "EU-ch 2nd"]
[Site "Ohrid"]
[Date "2001.06.03"]
[Round "3"]
[White "Sulava, Nenad"]
[Black "Ponomariov, Ruslan"]
[Result "0-1"]
[WhiteElo "2526"]
[BlackElo "2673"]
[Annotator "Tsesarsky,I"]
[PlyCount "170"]
[EventDate "2001.06.01"]
[EventType "swiss"]
[EventRounds "13"]
[EventCountry "YUG"]
[SourceTitle "CBM 084"]
[Source "ChessBase"]
[SourceDate "2001.09.13"]
[SourceVersion "1"]
[SourceVersionDate "2001.09.13"]
[SourceQuality "1"]

1. d4 Nf6 2. c4 g6 3. Nc3 Bg7 4. e4 d6 5. Nf3 O-O 6. Be2 e5 7. O-O Nc6 8. d5
Ne7 9. Kh1 Ne8 10. Rg1 (10. a4 $5 {Ovsejevitsch,S favour move.} a5 (10... h6 $6
11. a5 $1 (11. Ra3 f5 12. exf5 Nxf5 13. Ne4 Nf6 $11 {0-1 Hornicek,J-Boukal,P/
CZE 2000/EXT 2001 (37)}) 11... f5 12. b4 Nf6 13. Nd2 f4 14. c5 g5 15. f3 Rf7
16. Nc4 Bf8 17. b5 $16 {[%cal Gb5b6] 0-1 Abramchuk,K-Gaponenko,I/Alushta 1999/
EXT 2000 (49)}) (10... c5 11. a5 h6 12. Qa4 Bd7 13. Qa3 Nc7 14. b4 b6 15. Nb5
Bxb5 16. cxb5 Qd7 17. Nd2 f5 18. f3 Rfb8 19. Qd3 cxb4 20. a6 Rf8 21. Nb3 g5 22.
Bd2 Ng6 23. g3 Rf7 24. Bxb4 Raf8 25. Nd2 $14 {1-0 Ovsejevitsch,S-Koukoufikis,A/
Chania 2000/EXT 2001 (40)}) 11. Ne1 f5 12. Nd3 Nf6 13. f3 c5 (13... f4 14. c5
g5 15. cxd6 cxd6 16. Bd2 Ng6 17. Nf2 h5 18. h3 Rf7 19. Nb5 Bf8 20. Rc1 $14 {
1-0 Ovsejevitsch,S-Shavtvaladze,N/Ikaros GRE 2001/The Week in Chess 350 (42)})
14. dxc6 Nxc6 15. Nf2 Be6 16. b3 Rf7 17. Ra2 Bf8 18. Rd2 Qb6 19. Ba3 Nb4 20.
Nb5 $14 {[%csl Rd6] 1-0 Ovsejevitsch,S-Nechaev,A/Donetsk 1998/CBM 68 (70)}) ({
Last time became popular} 10. Ne1 $5 f5 (10... c5 11. a4 f5 12. exf5 Nxf5 13.
Bd3 Nd4 $11 {1/2-1/2 Miles,A-Singh,G/Scarborough HUN 2001/The Week in Chess
353 (22)}) 11. exf5 Nxf5 (11... gxf5 12. f4 Ng6 13. fxe5 (13. g3 Qe7 (13... Bd7
14. Ng2 Qe7 15. Bd2 Nf6 16. Qc2 $14 {1/2-1/2 Doettling,F-Van den Doel,E/Tel
Aviv ISR 2001/The Week in Chess 337 (25)}) 14. a4 Nf6 15. Ra3 Bd7 16. Ng2 Rae8
17. Bf3 Ng4 $132 {0-1 Gavrikov,V-Sepp,O/Helsinki 2000/CBM 77 ext (57)}) 13...
dxe5 14. Be3 f4 15. Bc5 Nd6 16. Bd3 Bf5 17. Bxf5 Rxf5 18. Bxd6 cxd6 19. Ne4 Rc8
20. Rc1 Qe7 21. Nf3 $14 {1-0 Kramnik,V-Miklos,R/Mainz GER 2001 (31)}) 12. Nf3 (
12. Nc2 c5 13. Bd3 Nd4 14. Ne4 Nf6 15. Bg5 Bf5 16. f3 Qd7 17. Bxf6 Bxf6 18. Qd2
Nxc2 19. Qxc2 Bxe4 20. Bxe4 Kg7 $11 {1-0 Doettling,F-Guid,M/Patras 1999/CBM 72
ext (83)}) 12... Nf6 (12... Nd4 13. Nxd4 exd4 14. Ne4 Bf5 15. Bd3 c6 16. Bg5
Qd7 17. Qd2 cxd5 18. cxd5 Nc7 $132 {1-0 Miles,A-Buckley,S/England 2000/CBM 74
ext (56)}) 13. Bd3 Nd4 14. Nxd4 exd4 15. Ne4 Nxe4 16. Bxe4 Bd7 (16... Qh4 17.
Qc2 (17. f4 $5 $132) 17... Bf5 18. Bxf5 Rxf5 19. Kg1 Re8 $15 {1/2-1/2 Miles,
A-Tirard,H/Cappelle la Grande 2000/CBM 74 ext (34)}) 17. Qd3 c5 18. dxc6 bxc6
19. Bd2 Rb8 20. b4 Qc8 21. Rae1 Kh8 $132 {1/2-1/2 Miles,A-Beliavsky,A/Nova
Gorica 1999/CBM 68 ext (53)  Conclusion: Black has sufficient counterplay in
10.Ne1 variation.}) 10... f5 11. exf5 gxf5 12. Ng5 Nf6 ({White leaves with
slight advantage in case of} 12... c6 13. Qb3 Qb6 14. Qxb6 axb6 15. Rd1 $14)
13. f4 $5 ({Interesting also} 13. Ne6 $5 Bxe6 14. dxe6 c6 15. Re1 d5 16. cxd5
cxd5 17. Qb3 d4 $13) 13... Ng6 14. fxe5 dxe5 15. c5 h6 16. Ne6 Bxe6 17. dxe6
Qe7 ({Approximately equal position after QQ exchange:} 17... Qxd1 18. Rxd1 Rae8
19. Bc4 Re7 $132) 18. Qb3 c6 19. Rf1 f4 20. Bd2 Nh4 {[%cal Gh4f5]} 21. g3 {
White wants to open space for his pair of BB.} Nf5 {[%cal Gf5d4]} 22. gxf4 e4
$1 {In other side, Black wants to play closed, blockade game because he has
pair of NN!} ({Badly looks} 22... Nd4 $2 23. Qc4 Nd5 24. fxe5 Nxe2 25. Nxd5
cxd5 26. Qxe2 Qxe6 27. Rxf8+ Rxf8 28. Rg1 $16) 23. Rg1 (23. Rad1 $5 Rae8 24.
Bc4 Kh8 25. Na4 $14) 23... Kh8 24. Rg2 $6 $132 (24. Qc4 $142 $1 {[%csl Re4]
[%cal Gc3e4,Gc4e4]} Rad8 25. Rad1 Rd4 26. Qb3 Rfd8 27. Bc1 $14) 24... Rad8 25.
Bc4 $6 $15 ({Stronger is} 25. Rd1 Nd4 26. Qa4 Nxe6 27. Qxa7 Nxc5 $132) 25...
Nd4 $2 $14 ({Worth of attention} 25... e3 $5 26. Be1 Nd4 27. Qa3 Nh5 {[%csl
Rf4]} 28. Bg3 Nxg3+ 29. hxg3 Nxe6 $15 {[%csl Rc5]}) 26. Qa4 Qxc5 27. Be3 $1 {
[%csl Rd4][%cal Ge3c5] Based on precise variations calculation.} b5 28. Qa5 Qe7
29. Rag1 {[%csl Rg7][%cal Gg1g7]} Rg8 ({Badly is} 29... Ne8 $2 {in view of} 30.
Bb3 Nxb3 31. axb3 Rd3 32. Qxa7 $16) 30. Bb3 Nf3 31. Qxa7 $6 $44 {Not necessary
exchange sacrifice.} ({Why not} 31. Rc1 $1 $14) 31... Qxa7 32. Bxa7 Nxg1 33.
Rxg1 Rge8 34. Bc5 (34. f5 $5 $132) 34... Rd2 35. f5 h5 36. Be3 $6 $15 (36. Rg2
$1 Rxg2 37. Kxg2 Bf8 38. Bd4 Bg7 39. Bxf6 Bxf6 40. Nxe4 Kg7 $44) 36... Rxb2 37.
h3 Rd8 (37... b4 $142 $1 38. Nd1 Rb1 39. Re1 Nd5 $15) 38. e7 $1 (38. Re1 $2 Rd3
(38... h4 {[%cal Gf6h5,Gh5g3]} 39. Bc1 Rf2 40. Nxe4 Nxe4 41. Rxe4 Bf6 42. e7
Re8 43. Ba3 Kg7 44. Rg4+ Kh7 45. Re4 Kg7 46. Rg4+ $11) 39. Nd1 Rb1 40. Bc2 Ra1
41. Bxd3 exd3 42. Kg2 Rxa2+ 43. Kf3 b4 $17) 38... Rd3 $4 $18 {Now position of
Black became hopeless.} ({Right was} 38... Re8 $142 $1 39. Bc5 h4 (39... Nd7 $2
40. Nxe4 Re2 41. Rg5 Nf6 42. Nxf6 Bxf6 43. Rg6 Bxe7 44. f6 $1 Bxf6 45. Rxf6 $16
) 40. Bf7 Rc2 41. Nxe4 Nxe4 42. Bxe8 Rxc5 43. Bxc6 Nf6 44. e8=Q+ Nxe8 45. Bxe8
Rxf5 $11) 39. Nd1 Re2 40. Rg6 Ne8 41. f6 Bxf6 42. Rg8+ Kh7 43. Rxe8 Bxe7 (43...
Rdxe3 44. Nxe3 Rxe3 45. Rh8+ Bxh8 46. e8=Q $18) 44. Rxe7+ Kg6 45. Re6+ (45.
Rxe4 Kf5 46. Re8 $18) 45... Kf5 46. Rxc6 Rexe3 47. Nxe3+ Rxe3 48. Kg2 h4 49.
Kf2 (49. Rc5+ Kf4 50. Rxb5 Rg3+ 51. Kh2 $18) 49... Rd3 50. Ke2 Rg3 51. Rc5+ Kf4
52. Be6 Rg2+ 53. Kf1 Rb2 54. Bb3 (54. Rh5 Kf3 55. Ke1 Ke3 56. Kd1 Kd3 57. Kc1
$18 {[%csl Rb5,Rh4]}) 54... Kf3 55. Rf5+ Ke3 56. Rc5 (56. Rxb5 $4 Rb1+ 57. Kg2
Rb2+ $11) 56... b4 57. Rc2 Rb1+ 58. Kg2 Kd3 59. Rf2 Rc1 60. Rf1 Rc5 61. Rd1+ ({
Or} 61. Rf8 Rg5+ 62. Kf1 Rg3 63. Be6 Rg6 64. Re8 Kd4 65. Kf2 Rg3 66. Rd8+ (66.
Rb8 e3+ 67. Kf1 e2+ 68. Kxe2 Re3+ 69. Kd2 Rxe6 70. Rxb4+ Kd5 71. Rxh4 $16)
66... Ke5 67. Bg4 Ra3 68. Re8+ Kf4 69. Be6 Rf3+ 70. Ke2 (70. Kg2 Rg3+) 70...
Re3+ 71. Kd2 Rd3+ 72. Kc2 Rc3+ 73. Kb2 Rd3 74. Bg4 $18) 61... Ke2 62. Rd5 Rc7
63. Bd1+ {This isn't the only way to victory:} ({Possible also} 63. Rg5 e3 64.
Rg4 Kd3 65. Rg8 (65. Rxh4 e2 66. Kf2 Rc1 67. Bc4+ Rxc4 68. Rxc4 Kxc4 69. Kxe2
Kc3 70. h4 Kb2 71. h5 Kxa2 72. h6 b3 73. h7 b2 74. h8=Q b1=Q $11) 65... Rc1 66.
Rd8+ Ke4 67. Ba4 Ra1 (67... Rc5 68. Re8+ Kf4 69. Rf8+ Ke4 70. Kf1 $18) 68. Bc2+
Kf4 69. Rd4+ Kg5 (69... Ke5 70. Re4+ $18) 70. Rg4+ Kf6 71. Kf3 Rxa2 72. Bd3 e2
73. Rf4+ Ke5 74. Re4+ Kd6 75. Bxe2 Ra3+ 76. Kg4 $18) 63... Ke3 64. Rh5 Rd7 65.
Bb3 Rd2+ 66. Kf1 (66. Kg1 Kf3 67. Rxh4 e3 68. Kf1 Rf2+ 69. Ke1 Re2+ 70. Kd1
Rd2+ 71. Kc1 Rd8 72. Bd1+ e2 73. Bxe2+ Kxe2 74. Rxb4 Kd3 75. Kb2 $18 {[%csl
Rd3]}) 66... Rf2+ 67. Ke1 $4 $44 {[%csl Rh3] White loses P and position became
equal.} ({Wins} 67. Kg1 $18) 67... Rh2 68. Kf1 Rxh3 69. Rb5 Kf3 {[%csl Rf1]
[%cal Gh3h1]} 70. Bd1+ Ke3 71. Bb3 Kf3 72. Rf5+ (72. Bd1+ Ke3 73. Bb3 $11)
72... Ke3 73. Rh5 ({Or} 73. Rb5 $11) 73... Kd2 74. Rd5+ Rd3 $5 {Black begins
to play for winnning.} (74... Ke3 $11) 75. Rc5 Rf3+ 76. Kg1 e3 77. Rd5+ Ke1 78.
Rd1+ Ke2 79. Rb1 ({Equality after} 79. Rd4 Rg3+ 80. Kh2 Kf2 81. Bd1 e2 82. Bxe2
Kxe2 83. Rxb4 $11) 79... Rf4 80. Kg2 Rg4+ 81. Kh3 Rd4 82. Kg2 h3+ 83. Kxh3 $4
$19 {Eventually White puts decisive mistake.} ({Right was} 83. Kg3 h2 84. Ba4
Kd3 85. Kxh2 e2 86. Bb5+ Ke3 87. Kg3 Rd5 (87... Re4 88. Re1 Kd2 89. Kf3 Kxe1
90. Kxe4 $18) 88. Bxe2 Kxe2 89. Rxb4 $11) 83... Kf2 84. Bd1 Rxd1 85. Rxd1 e2
0-1

[Event "EU-ch 2nd"]
[Site "Ohrid"]
[Date "2001.06.11"]
[Round "10"]
[White "Ponomariov, Ruslan"]
[Black "Greenfeld, Alon"]
[Result "1-0"]
[WhiteElo "2673"]
[BlackElo "2570"]
[Annotator "Huzman,A"]
[PlyCount "61"]
[EventDate "2001.06.01"]
[EventType "swiss"]
[EventRounds "13"]
[EventCountry "YUG"]
[SourceTitle "CBM 084"]
[Source "ChessBase"]
[SourceDate "2001.09.13"]
[SourceVersion "1"]
[SourceVersionDate "2001.09.13"]
[SourceQuality "1"]

1. e4 e5 2. Nf3 Nf6 3. d4 Nxe4 4. dxe5 d5 5. Nbd2 Be7 6. Nxe4 dxe4 7. Qxd8+
Bxd8 8. Nd4 Bd7 9. Bf4 (9. Be3 O-O 10. Bc4 Re8 11. e6 fxe6 12. O-O-O Nc6 13.
Bb5 Ne5 14. Bxd7 Nxd7 15. Nxe6 Nf6 16. Nxd8 Raxd8 17. Rxd8 Rxd8 18. Rd1 $16 {
1-0 Sveshnikov,E-Donchenko,A/Moscow 1996/CBM 55 ext (48)}) 9... Nc6 10. O-O-O
Nxd4 (10... O-O 11. Bc4 Nxd4 12. Rxd4 Bf5 13. h3 c6 14. g4 Bb6 15. Rd6 Be6 16.
Bxe6 fxe6 17. Be3 Bxe3+ 18. fxe3 Rae8 19. Rd7 Rf7 20. Rhd1 Kf8 $11 {1/2-1/2
Wedberg,T-Nouro,M/Osterskan 1994/TD (40)}) 11. Rxd4 Bc6 12. Bc4 h6 {[%cal
Yd8g5]} 13. b4 a6 14. Kd2 $1 Bg5 15. Ke3 f6 16. exf6 (16. Bxg5 fxe5 (16... hxg5
17. Bd5 Bxd5 18. Rxd5 Ke7 19. exf6+ gxf6 20. Kxe4 Rh4+ 21. Kd3 Rxb4 22. Re1+
$16) 17. Rd2 hxg5 18. Bd5 a5 $132) (16. e6 Ke7 17. Rhd1 f5 $11) 16... Bxf6 17.
Rdd1 Ba4 (17... Bc3 18. a3 Bb2 19. Bxc7 Rc8 20. Bb6 Bxa3 21. Be6 Ra8 22. c3 $16
) 18. Bb3 $1 Bxb3 19. axb3 $16 {[%csl Re4] The weakness of the "e4"pawn and
the complete control over the "d" file provides White with a considerable
advantage.} Bc3 (19... O-O 20. Rd7 Rf7 21. Rhd1 $16) 20. Bxc7 Bxb4 21. Be5 O-O
(21... Rc8 22. c3 Ba5 23. Kxe4 $16) 22. Rd7 Rf7 23. Rhd1 $16 Re8 24. Rxf7 Kxf7
25. Rd7+ Re7 (25... Ke6 26. Rxb7 Kxe5 27. Rxb4 $18) 26. Rxe7+ Bxe7 27. Kxe4 $18
b5 28. Kd5 a5 (28... g6 29. Kc6 Ke6 30. Bg7 h5 31. Kb6 Kd5 32. Kxa6 Kc6 33. Bd4
$18) 29. Kc6 a4 30. Kxb5 a3 31. Ka4 1-0